Landscape Architectural Project (Record no. 362035)

MARC details
000 -LEADER
fixed length control field 00259nam a2200097Ia 4500
008 - FIXED-LENGTH DATA ELEMENTS--GENERAL INFORMATION
fixed length control field 241105s9999 xx 000 0 und d
041 ## - LANGUAGE CODE
Language code of text/sound track or separate title eng
100 ## - MAIN ENTRY--PERSONAL NAME
Personal name Katale Shruti
9 (RLIN) 184193
245 ## - TITLE STATEMENT
Title Landscape Architectural Project
260 ## - PUBLICATION, DISTRIBUTION, ETC. (IMPRINT)
Name of publisher, distributor, etc. BNCA M Arch LA, Pune
Date of publication, distribution, etc. 2021

No items available.